| 000 | 00806nmm a2200265 a 4500 | ||
|---|---|---|---|
| 003 | AR-BaBNM | ||
| 005 | 20251128211405.0 | ||
| 008 | 194020s2003 ||||||||||||||000 | spa|| | ||
| 020 | _a987-20838-1-9 | ||
| 040 | _cAR-BaBNM | ||
| 100 | 1 | _aGiacobone, Carlos Alberto | |
| 245 | 1 | 0 |
_aSáenz Peña: "¡Salió la nueva ley!" _belecciones en la ciudad de Buenos Aires, 1912 |
| 260 |
_aBuenos Aires _bInstituto de Investigaciones Históricas Cruz del Sur _c2003 |
||
| 300 | _a163 p. | ||
| 650 | 4 | _aHISTORIA ARGENTINA | |
| 650 | 4 | _aHISTORIA POLITICA ARGENTINA | |
| 650 | 4 | _aDEMOCRACIA | |
| 650 | 4 | _aPARTIDOS POLITICOS | |
| 650 | 4 | _aPRESIDENCIAS ARGENTINAS | |
| 650 | 4 | _aSISTEMAS ELECTORALES | |
| 650 | 4 | _aSUFRAGIO | |
| 700 | 1 |
_aGallo, Edit Rosalía _eprologuista |
|
| 942 | _cBK | ||
| 998 | _cMariana | ||
| 999 |
_c19483 _d19483 |
||